000 00378nam a2200157Ia 4500
100 _aPerahia/Eldad/ Stacey/R
650 _aWireless communication
942 _cBK
366 _f25
654 _awireless
245 _aNext generation wireless LANs
260 _bCambridge University Press
_c2008
082 _a621.381
_bPER
300 _a385
546 _aENGLISH
_cPAMPHALETS
999 _c27418
_d27418